000 00804cam a22002771 4500
001 2412
003 BD-RjUL
005 20211208233539.0
008 s1952 nyua 001 0 eng
035 _a(BD-RjUL)2439
040 _aDLC
_cDLC
_dDLC
_beng
041 _aeng
082 0 0 _a307.2
_216
_bGOM 1952
100 1 _aGoode, William Josiah.
_97826
245 1 0 _aMethods in social research /
_cWilliam J. Goode and Paul K. Hatt.
250 _a1st ed.
260 _aNew York :
_bMcGraw-Hill,
_c1952.
300 _a386 p.
_billus.
_c24 cm.
490 0 _aMcGraw-Hill series in sociology and anthropology
526 _bSocial Science
650 0 _aSocial sciences
_xResearch.
_97827
700 1 _aHatt, Paul K.,
_ejoint author.
_97828
942 _2ddc
_cBK
999 _c2412
_d2412